Fundamentals of electrical networks (Record no. 394)

MARC details
000 -LEADER
Fixed length control field 00528nam a2200181 4500
003 - CONTROL NUMBER IDENTIFIER
Control field SEACOMEC
005 - DATE AND TIME OF LATEST TRANSACTION
Control field 20240102153911.0
008 - FIXED-LENGTH DATA ELEMENTS--GENERAL INFORMATION
Fixed length control field 240102b |||||||| |||| 00| 0 eng d
020 ## - INTERNATIONAL STANDARD BOOK NUMBER / ISBN
Price Rs.250.00
040 ## - CATALOGING SOURCE
Original cataloging agency SEACOMEC
082 ## - DEWEY DECIMAL CLASSIFICATION NUMBER
Classification number 621.31
Book Number G964
100 ## - MAIN ENTRY--PERSONAL NAME
Personal name Gupta,B.R.
245 1# - TITLE STATEMENT
Title Fundamentals of electrical networks
Statement of responsibility B.R. Gupta,Vandana Singhal
260 ## - IMPRINT
Place of publication New Delhi
Name of publisher Wheeler
Date of publication 1999
650 ## - SUBJECT ADDED ENTRY--TOPICAL TERM
Topical term Technology,Generation, modification, storage, transmission of electric power
700 ## - ADDED ENTRY--PERSONAL NAME
Personal name Singhal,Vandana
942 ## - ADDED ENTRY ELEMENTS (KOHA)
Koha item type Books
Holdings
Withdrawn status Lost status Source of classification Damaged status Not for loan Home library Current library Date acquired Total Checkouts Call number Accession number Date last seen Copy number Price effective from Koha item type
    Dewey Decimal Classification     SEACOM ENGINEERING COLLEGE SEACOM ENGINEERING COLLEGE 03/06/2006   621.31 G964 01171 02/01/2024 1 02/01/2024 Books
© Seacom Engineering College, All rights reserved.      Powered by Koha